000
00342nam a2200145Ia 4500
008
100122s9999 xx 000 0 und d
082
_b
22764
_a
822
100
_a
GREENE GRAHAM
245
_a
THE POTTING SHED
260
_b
PENGUIN BOOKS
_c
1958
300
_a
91
630
_a
THE POTTING SHED
730
_a
THE POTTING SHED
942
_c
BOOK
999
_c
367078
_d
367075